[Event "MPJBiS 2020"]
[Site "?"]
[Date "2020.08.30"]
[Round "3.11"]
[White "Merecki, Antoni"]
[Black "Musial, Igor"]
[Result "0-1"]
[BlackElo "1758"]
[WhiteElo "1332"]
[LiveChessVersion "1.4.8"]

1. d4 {[%clk 0:03:02]} d5 {[%clk 0:03:03]} 2. c4 {[%clk 0:03:03]} e6
{[%clk 0:03:04]} 3. Nc3 {[%clk 0:03:03]} Nf6 {[%clk 0:03:04]} 4. cxd5
{[%clk 0:03:03]} exd5 {[%clk 0:03:04]} 5. Bg5 {[%clk 0:03:03]} Be7
{[%clk 0:03:04]} 6. Nf3 {[%clk 0:03:02]} Nbd7 {[%clk 0:02:55]} 7. e3
{[%clk 0:03:02]} h6 {[%clk 0:02:53]} 8. Bh4 {[%clk 0:03:03]} b6 {[%clk 0:02:52]}
9. Bd3 {[%clk 0:02:51]} Bb7 {[%clk 0:02:53]} 10. O-O {[%clk 0:02:49]} O-O
{[%clk 0:02:53]} 11. Rc1 {[%clk 0:02:42]} c5 {[%clk 0:02:46]} 12. Bb1
{[%clk 0:02:28]} Ne4 {[%clk 0:02:17]} 13. Bxe7 Qxe7 {[%clk 0:02:17]} 14. dxc5
{[%clk 0:02:23]} Nxc3 {[%clk 0:02:12]} 15. Rxc3 {[%clk 0:02:19]} Nxc5
{[%clk 0:02:11]} 16. Qd4 {[%clk 0:02:14]} Ne4 {[%clk 0:02:09]} 17. Bxe4
{[%clk 0:02:10]} dxe4 {[%clk 0:02:01]} 18. Nd2 {[%clk 0:01:49]} Rfd8
{[%clk 0:02:00]} 19. Qa4 {[%clk 0:01:45]} Rxd2 {[%clk 0:02:01]} 20. Rfc1
{[%clk 0:01:41]} Rad8 {[%clk 0:01:47]} 21. h3 {[%clk 0:01:37]} Qd6
{[%clk 0:01:42]} 22. Rc7 {[%clk 0:01:32]} Rd1+ {[%clk 0:01:07]} 23. Rxd1
{[%clk 0:01:24]} Qxd1+ {[%clk 0:01:07]} 24. Kh2 {[%clk 0:01:26]} Bd5
{[%clk 0:01:08]} 25. Rxa7 {[%clk 0:01:26]} Qb1 {[%clk 0:01:05]} 26. b3
{[%clk 0:01:23]} Qb2 {[%clk 0:01:04]} 27. Kg3 {[%clk 0:01:24]} g5
{[%clk 0:00:50]} 28. Ra6 {[%clk 0:01:24]} Be6 {[%clk 0:00:38]} 29. Rxb6
{[%clk 0:01:19]} 0-1

[Event "MPJBiS 2020"]
[Site "?"]
[Date "2020.08.30"]
[Round "4.1"]
[White "Dobosiewicz, Dawid"]
[Black "Seemann, Jakub"]
[Result "0-1"]
[BlackElo "1811"]
[WhiteElo "1469"]
[LiveChessVersion "1.4.8"]

1. e4 c5 2. Nc3 d6 3. f4 Nc6 4. Nf3 g6 5. Bb5 Bg7 6. Bxc6+ bxc6 7. d3 Nh6 8. O-O
f5 9. e5 O-O 10. Re1 Nf7 11. Kh1 Qc7 12. exd6 exd6 13. Qe2 Bd7 14. Bd2 Rae8 15.
Qf2 Nd8 16. Qh4 Ne6 17. Ng5 Nxg5 18. Qxg5 Qd8 19. Qxd8 Rxd8 20. Re2 Rb8 21. Rb1
Kf7 22. b3 Rfe8 23. Rbe1 Rxe2 24. Rxe2 Be6 25. h3 Re8 26. Na4 Rg8 27. Kg1 h6 28.
Kf1 Bf6 29. c4 g5 30. Kg1 g4 31. Kh2 h5 32. hxg4 Rxg4 33. g3 h4 34. Rg2 Bd4 35.
gxh4 Rxh4+ 36. Kg3 Rh1 37. Kf3 Rf1+ 38. Kg3 Ra1 39. Bc3 Rd1 40. Bxd4 Rxd3+ 41.
Kh2 cxd4 42. Re2 Rf3 43. Rd2 Rxf4 44. Kg3 Rg4+ 45. Kf3 c5 46. Nb2 Rh4 47. Nd3 Bd7
48. Nf4 Bc6+ 49. Nd5 Bxd5+ 50. cxd5 Kf6 51. Re2 Rh3+ 52. Kf4 Rh4+ 53. Kf3 Kg5 54.
Re8 Rh3+ 55. Kg2 Re3 56. Rg8+ Kf4 57. Kf2 Rc3 58. Ke2 Rc2+ 59. Kd3 Rxa2 60. Re8
Kg3 61. Rg8+ Kf3 62. Rg6 Ra6 63. Rf6 f4 64. Re6 Rb6 65. Kc4 Rb4+ 66. Kd3 Rxb3+
67. Kc4 Rb6 68. Kd3 a5 69. Kc4 Kg3 70. Rg6+ Kf2 71. Rf6 f3 0-1

[Event "MPJBiS 2020"]
[Site "?"]
[Date "2020.08.30"]
[Round "4.2"]
[White "Rosa, Antoni"]
[Black "Raczek, Krzysztof"]
[Result "0-1"]
[BlackElo "1720"]
[WhiteElo "1445"]
[LiveChessVersion "1.4.8"]

1. c4 {[%clk 0:03:03]} e5 {[%clk 0:03:04]} 2. Nc3 {[%clk 0:03:04]} Nc6
{[%clk 0:03:05]} 3. g3 {[%clk 0:03:04]} g6 {[%clk 0:03:04]} 4. Bg2
{[%clk 0:03:05]} h5 {[%clk 0:03:06]} 5. b3 {[%clk 0:03:05]} h4 {[%clk 0:03:06]}
6. Bb2 {[%clk 0:03:01]} Bg7 {[%clk 0:03:07]} 7. e3 {[%clk 0:02:59]} d6
{[%clk 0:03:06]} 8. Nge2 {[%clk 0:02:59]} hxg3 {[%clk 0:03:01]} 9. fxg3
{[%clk 0:02:53]} Bf5 {[%clk 0:02:57]} 10. e4 {[%clk 0:02:37]} Be6
{[%clk 0:02:53]} 11. Nd5 {[%clk 0:02:30]} Nf6 {[%clk 0:02:45]} 12. Nec3
{[%clk 0:02:26]} Nd4 {[%clk 0:02:44]} 13. Ne2 {[%clk 0:02:13]} Bg4
{[%clk 0:02:37]} 14. Bxd4 {[%clk 0:02:10]} exd4 {[%clk 0:02:38]} 15. Qc1
{[%clk 0:01:55]} Nxd5 {[%clk 0:02:35]} 16. cxd5 {[%clk 0:01:43]} Bxe2
{[%clk 0:02:01]} 17. Kxe2 d3+ 18. Ke1 {[%clk 0:01:40]} Bxa1 {[%clk 0:01:40]} 19.
Qxa1 {[%clk 0:01:41]} Rh7 {[%clk 0:01:39]} 20. Qc3 {[%clk 0:01:32]} Qe7
{[%clk 0:01:39]} 21. Qxd3 {[%clk 0:01:25]} O-O-O {[%clk 0:01:38]} 22. Qd4
{[%clk 0:01:21]} Kb8 {[%clk 0:01:37]} 23. d3 {[%clk 0:01:20]} Rdh8
{[%clk 0:01:36]} 24. h4 {[%clk 0:01:20]} g5 {[%clk 0:01:33]} 25. Bf3
{[%clk 0:01:02]} gxh4 {[%clk 0:01:32]} 26. gxh4 {[%clk 0:01:00]} a6
{[%clk 0:01:22]} 27. h5 {[%clk 0:00:50]} Qg5 {[%clk 0:01:22]} 28. Ke2
{[%clk 0:00:39]} Qf4 {[%clk 0:01:11]} 29. Rg1 {[%clk 0:00:33]} f6
{[%clk 0:01:04]} 30. Rg4 {[%clk 0:00:25]} Qc1 {[%clk 0:00:47]} 31. Qxf6
{[%clk 0:00:17]} Rxh5 {[%clk 0:00:41]} 32. Rg2 {[%clk 0:00:12]} Rh2
{[%clk 0:00:35]} 33. Qg7 {[%clk 0:00:11]} Rxg2+ {[%clk 0:00:26]} 34. Bxg2
{[%clk 0:00:12]} Qc2+ {[%clk 0:00:24]} 35. Ke3 {[%clk 0:00:12]} Rc8
{[%clk 0:00:17]} 36. Bh3 {[%clk 0:00:11]} Qc1+ {[%clk 0:00:16]} 37. Ke2
{[%clk 0:00:11]} Qc2+ {[%clk 0:00:08]} 38. Ke3 {[%clk 0:00:12]} Qc1+
{[%clk 0:00:09]} 39. Ke2 {[%clk 0:00:13]} Qc2+ {[%clk 0:00:10]} 40. Ke3
{[%clk 0:00:15]} Rd8 {[%clk 0:00:08]} 41. Qf6 {[%clk 0:00:11]} Rg8
{[%clk 0:00:08]} 42. Be6 {[%clk 0:00:08]} Rg3+ {[%clk 0:00:08]} 43. Kf4
{[%clk 0:00:05]} Qf2# {[%clk 0:00:09]} 0-1

[Event "MPJBiS 2020"]
[Site "?"]
[Date "2020.08.30"]
[Round "4.3"]
[White "Warchol, Kamil"]
[Black "Nawalaniec, Adam"]
[Result "1/2-1/2"]
[BlackElo "1444"]
[WhiteElo "1690"]
[LiveChessVersion "1.4.8"]

1. e4 {[%clk 0:03:03]} Nc6 {[%clk 0:03:03]} 2. d4 {[%clk 0:03:05]} d5
{[%clk 0:03:04]} 3. e5 {[%clk 0:03:06]} Bf5 {[%clk 0:03:05]} 4. Nf3
{[%clk 0:03:06]} e6 {[%clk 0:03:07]} 5. c3 {[%clk 0:03:06]} Nge7 {[%clk 0:03:07]}
6. Bd3 {[%clk 0:03:07]} Bxd3 {[%clk 0:03:08]} 7. Qxd3 {[%clk 0:03:08]} Ng6
{[%clk 0:03:06]} 8. O-O {[%clk 0:03:07]} Be7 {[%clk 0:03:06]} 9. Re1
{[%clk 0:03:08]} O-O {[%clk 0:03:06]} 10. b4 {[%clk 0:03:08]} a6 {[%clk 0:03:07]}
11. a4 {[%clk 0:03:08]} Qd7 {[%clk 0:02:54]} 12. Nbd2 {[%clk 0:03:00]} b6
{[%clk 0:02:51]} 13. Nb3 {[%clk 0:02:56]} Nd8 {[%clk 0:02:49]} 14. a5
{[%clk 0:02:50]} b5 {[%clk 0:02:48]} 15. Bg5 {[%clk 0:02:32]} h6 {[%clk 0:02:27]}
16. Bxe7 {[%clk 0:02:32]} Qxe7 {[%clk 0:02:26]} 17. Nc5 {[%clk 0:02:32]} c6
{[%clk 0:02:25]} 18. Nd2 {[%clk 0:02:14]} Nb7 {[%clk 0:02:14]} 19. Nxb7
{[%clk 0:02:08]} Qxb7 {[%clk 0:02:14]} 20. Qg3 {[%clk 0:02:08]} Kh7
{[%clk 0:02:12]} 21. f4 {[%clk 0:02:06]} Qd7 {[%clk 0:02:08]} 22. Re2
{[%clk 0:02:01]} f5 {[%clk 0:02:00]} 23. Nb3 {[%clk 0:01:20]} Rf7
{[%clk 0:01:49]} 24. Rf1 {[%clk 0:01:15]} Rg8 {[%clk 0:01:39]} 25. Re3
{[%clk 0:00:57]} Nf8 {[%clk 0:01:21]} 26. Qh4 {[%clk 0:00:56]} Qe7
{[%clk 0:01:05]} 27. Qxe7 {[%clk 0:00:32]} Rxe7 {[%clk 0:01:06]} 28. Nc5
{[%clk 0:00:33]} Ra7 {[%clk 0:01:06]} 29. Rh3 {[%clk 0:00:32]} Kg6
{[%clk 0:01:02]} 30. Rff3 {[%clk 0:00:29]} Kf7 {[%clk 0:01:01]} 31. Rfg3
{[%clk 0:00:27]} Nd7 32. Nd3 Raa8 {[%clk 0:00:52]} 33. Kf2 {[%clk 0:00:28]} Rh8
{[%clk 0:00:48]} 34. Rh4 {[%clk 0:00:20]} Rag8 {[%clk 0:00:33]} 35. Ke2
{[%clk 0:00:14]} Rh7 {[%clk 0:00:17]} 36. Kf2 {[%clk 0:00:11]} Rhh8
{[%clk 0:00:18]} 37. Rh5 {[%clk 0:00:09]} g6 {[%clk 0:00:16]} 38. Rh4
{[%clk 0:00:11]} h5 {[%clk 0:00:13]} 39. Rg5 {[%clk 0:00:11]} Rg7
{[%clk 0:00:13]} 40. Rh3 {[%clk 0:00:12]} Rhg8 {[%clk 0:00:13]} 41. Rhg3
{[%clk 0:00:12]} Ke7 {[%clk 0:00:13]} 42. Ke3 {[%clk 0:00:12]} Kf7
{[%clk 0:00:13]} 1/2-1/2

[Event "MPJBiS 2020"]
[Site "?"]
[Date "2020.08.30"]
[Round "4.4"]
[White "Musial, Igor"]
[Black "Borowik, Wojciech"]
[Result "0-1"]
[BlackElo "1436"]
[WhiteElo "1758"]
[LiveChessVersion "1.4.8"]

1. e4 {[%clk 0:03:03]} c5 {[%clk 0:03:03]} 2. Ne2 {[%clk 0:03:04]} d6
{[%clk 0:03:03]} 3. g3 {[%clk 0:03:05]} e6 4. Bg2 Nc6 {[%clk 0:03:02]} 5. c3
{[%clk 0:03:06]} g6 {[%clk 0:03:03]} 6. d4 {[%clk 0:03:07]} cxd4 {[%clk 0:03:01]}
7. cxd4 {[%clk 0:03:08]} Bg7 {[%clk 0:03:02]} 8. Nbc3 {[%clk 0:02:20]} Nge7
{[%clk 0:02:54]} 9. O-O {[%clk 0:02:19]} O-O {[%clk 0:02:53]} 10. Be3
{[%clk 0:02:11]} d5 {[%clk 0:02:35]} 11. exd5 {[%clk 0:01:54]} exd5
{[%clk 0:02:19]} 12. Nf4 {[%clk 0:01:33]} Be6 {[%clk 0:02:08]} 13. Nxe6
{[%clk 0:01:04]} fxe6 {[%clk 0:02:09]} 14. Na4 {[%clk 0:00:57]} b6
{[%clk 0:02:02]} 15. Rc1 {[%clk 0:00:51]} Rc8 {[%clk 0:02:04]} 16. b3 Nf5 17. Qg4
{[%clk 0:00:16]} Ncxd4 {[%clk 0:01:56]} 18. Bxd4 {[%clk 0:00:16]} Bxd4
{[%clk 0:01:51]} 19. Qe2 {[%clk 0:00:04]} Qd7 20. Rfe1 Rxc1 21. Rxc1 Bg7 22. Re1
Nd4 {[%clk 0:01:32]} 23. Qe3 Re8 24. Rd1 Nf5 25. Qf4 Bh6 26. Qe5 Bg7 27. Qe2 Qd6
28. Nb2 Nd4 29. Qg4 Nxb3 30. axb3 Bxb2 31. Qe2 Qe5 32. Qxe5 Bxe5 33. Re1 Bc3 34.
Re3 d4 35. Rd3 e5 36. Be4 b5 37. Kf1 Rb8 38. f4 exf4 39. gxf4 a5 40. Ke2 a4 41.
bxa4 bxa4 42. Kd1 Rb1+ 43. Kc2 Rb2+ 44. Kc1 a3 45. Bd5+ Kg7 46. Rd1 a2 47. Bxa2
Rxa2 48. Rf1 Ra1+ 0-1

[Event "MPJBiS 2020"]
[Site "?"]
[Date "2020.08.30"]
[Round "4.5"]
[White "Bartodziej, Bartosz"]
[Black "Krawczyk, Flawian"]
[Result "1/2-1/2"]
[BlackElo "1639"]
[WhiteElo "1465"]
[LiveChessVersion "1.4.8"]

1. e4 c5 2. Nf3 Nc6 3. Bb5 g6 4. Bxc6 dxc6 5. O-O Bg7 6. d3 Nf6 7. Nc3 Nd7 8. Be3
b6 9. d4 cxd4 10. Bxd4 O-O 11. Bxg7 Kxg7 12. Qd4+ Kg8 13. Rad1 Qc7 14. Qe3 Ne5
15. Nxe5 Qxe5 16. f4 Qc7 17. h3 b5 18. Ne2 Qb6 19. Qxb6 axb6 20. a3 c5 21. Nc3
Be6 22. Nd5 Bxd5 23. Rxd5 Ra4 24. e5 b4 25. axb4 Rxb4 26. b3 Ra8 27. Rd7 e6 28.
Rd2 Ra2 29. Rdf2 Kf8 30. g3 Ke7 31. Rd1 c4 32. bxc4 Rxc4 33. Rb1 Rc6 34. Rd2 Ra3
35. Kf2 Rac3 36. Rb2 f6 37. exf6+ Kxf6 38. h4 Kf5 39. Rb5+ R6c5 40. Rxb6 Rxc2 41.
Rb2 Rxb2 42. Rxb2 Rc3 43. Re2 h6 44. Re5+ Kf6 45. Re2 Rc5 46. Kf3 Rc3+ 47. Kf2
Ra3 48. Kg2 Ra6 49. Kf3 1/2-1/2

[Event "MPJBiS 2020"]
[Site "?"]
[Date "2020.08.30"]
[Round "4.6"]
[White "Zielonka, Adam"]
[Black "Grot, Blazej"]
[Result "1/2-1/2"]
[BlackElo "1557"]
[WhiteElo "1438"]
[LiveChessVersion "1.4.8"]

1. Nf3 Nf6 {[%clk 0:03:02]} 2. c4 {[%clk 0:03:03]} e6 {[%clk 0:03:02]} 3. g3
{[%clk 0:03:04]} d5 {[%clk 0:03:02]} 4. Bg2 {[%clk 0:03:04]} c6 {[%clk 0:03:03]}
5. b3 {[%clk 0:03:00]} Bd6 {[%clk 0:03:03]} 6. Bb2 {[%clk 0:02:59]} O-O
{[%clk 0:03:03]} 7. O-O {[%clk 0:02:59]} Nbd7 {[%clk 0:03:04]} 8. d4
{[%clk 0:02:58]} Qe7 {[%clk 0:02:56]} 9. Ne5 {[%clk 0:02:29]} Bxe5
{[%clk 0:02:39]} 10. dxe5 {[%clk 0:02:30]} Ne8 {[%clk 0:02:40]} 11. Nd2
{[%clk 0:02:24]} b6 {[%clk 0:02:37]} 12. f4 {[%clk 0:02:16]} Bb7 {[%clk 0:02:34]}
13. Kh1 {[%clk 0:02:12]} Rd8 {[%clk 0:02:29]} 14. Qc2 {[%clk 0:02:12]} f5
{[%clk 0:02:10]} 15. e3 {[%clk 0:02:00]} Nc5 {[%clk 0:02:04]} 16. Ba3
{[%clk 0:01:53]} Qc7 {[%clk 0:01:39]} 17. Rac1 {[%clk 0:01:47]} Rf7
{[%clk 0:01:33]} 18. Bb2 {[%clk 0:01:37]} Ne4 {[%clk 0:01:33]} 19. Nxe4
{[%clk 0:01:37]} dxe4 {[%clk 0:01:34]} 20. Rfd1 {[%clk 0:01:36]} Rfd7
{[%clk 0:01:35]} 21. Bc3 {[%clk 0:01:23]} Rd3 {[%clk 0:01:32]} 22. Rxd3
{[%clk 0:01:10]} Rxd3 {[%clk 0:01:33]} 23. Qf2 {[%clk 0:01:00]} Qd7
{[%clk 0:01:27]} 24. Bf1 {[%clk 0:01:01]} Rd1 {[%clk 0:01:21]} 25. Rxd1
{[%clk 0:00:57]} Qxd1 {[%clk 0:01:22]} 26. Qe1 {[%clk 0:00:57]} Qd7
{[%clk 0:01:09]} 27. Qd2 {[%clk 0:00:58]} Qc7 {[%clk 0:01:09]} 28. Bb2
{[%clk 0:00:54]} 1/2-1/2

[Event "MPJBiS 2020"]
[Site "?"]
[Date "2020.08.30"]
[Round "4.7"]
[White "Komendecki, Antoni"]
[Black "Rekuc, Patryk"]
[Result "1-0"]
[BlackElo "1545"]
[WhiteElo "1366"]
[LiveChessVersion "1.4.8"]

1. e4 c6 2. d4 d5 3. exd5 cxd5 4. Bd3 Nf6 5. h3 Nc6 6. c3 Bd7 7. Nf3 e6 8. O-O
Bd6 9. Re1 O-O 10. Bg5 h6 11. Bh4 a6 12. Ne5 Be7 13. Nd2 b5 14. a3 Rb8 15. Ndf3
Ne8 16. Nxc6 Bxc6 17. Bg3 Bd6 18. Bxd6 Nxd6 19. Ne5 Bb7 20. Re3 Nc4 21. Bxc4 bxc4
22. Rg3 Qe7 23. Qd2 Kh7 24. Re1 Ba8 25. Qc2+ g6 26. Nxg6 fxg6 27. Qxg6+ Kh8 28.
Rxe6 Qh7 29. Qxh6 Rg8 30. Qf6+ Rg7 31. Qf4 Rxg3 32. fxg3 Rc8 33. Rh6 Rg8 34.
Rxh7+ Kxh7 35. Qf7+ Rg7 36. Qf5+ Kh8 37. Qf8+ Rg8 38. Qh6# 1-0

[Event "MPJBiS 2020"]
[Site "?"]
[Date "2020.08.30"]
[Round "4.8"]
[White "Skrzypinski, Jan"]
[Black "Maj, Samuel"]
[Result "1-0"]
[BlackElo "1347"]
[WhiteElo "1540"]
[LiveChessVersion "1.4.8"]

1. e4 {[%clk 0:03:02]} c5 {[%clk 0:03:03]} 2. Nf3 {[%clk 0:03:03]} e6
{[%clk 0:03:04]} 3. d4 {[%clk 0:03:05]} cxd4 {[%clk 0:03:05]} 4. Nxd4
{[%clk 0:03:06]} Nc6 {[%clk 0:03:07]} 5. Nxc6 {[%clk 0:03:07]} bxc6
{[%clk 0:03:08]} 6. Nc3 {[%clk 0:03:08]} d5 {[%clk 0:03:09]} 7. exd5
{[%clk 0:03:10]} cxd5 {[%clk 0:03:10]} 8. Be3 {[%clk 0:03:11]} Nf6
{[%clk 0:03:11]} 9. Bb5+ {[%clk 0:03:12]} Bd7 {[%clk 0:03:12]} 10. Bxd7+
{[%clk 0:03:13]} Qxd7 {[%clk 0:03:13]} 11. Qd4 {[%clk 0:03:11]} Be7
{[%clk 0:03:02]} 12. O-O {[%clk 0:03:10]} O-O {[%clk 0:03:02]} 13. h3
{[%clk 0:03:00]} Rfc8 {[%clk 0:03:02]} 14. Rad1 {[%clk 0:02:52]} Bc5
{[%clk 0:03:02]} 15. Qxc5 {[%clk 0:02:43]} Rxc5 {[%clk 0:03:00]} 16. Bxc5
{[%clk 0:02:42]} Rc8 {[%clk 0:02:55]} 17. Bd4 {[%clk 0:02:43]} Ne8
{[%clk 0:02:45]} 18. f4 {[%clk 0:02:40]} Nd6 {[%clk 0:02:42]} 19. Rf3
{[%clk 0:02:22]} Nb5 {[%clk 0:02:07]} 20. Nxb5 {[%clk 0:02:20]} Qxb5
{[%clk 0:02:07]} 21. Rd2 {[%clk 0:02:07]} Qa5 {[%clk 0:02:05]} 22. Bc3
{[%clk 0:01:51]} Qxa2 {[%clk 0:01:58]} 23. Rg3 {[%clk 0:01:51]} g6
{[%clk 0:01:48]} 24. Re3 {[%clk 0:01:26]} Qc4 {[%clk 0:01:45]} 25. Rf3
{[%clk 0:01:20]} Rd8 {[%clk 0:01:38]} 26. Bf6 {[%clk 0:01:15]} Rd7
{[%clk 0:01:30]} 27. Rc3 {[%clk 0:01:07]} Qa6 {[%clk 0:01:19]} 28. Rd4
{[%clk 0:00:35]} Rd6 {[%clk 0:01:06]} 29. Rb4 {[%clk 0:00:15]} Rb6
{[%clk 0:01:00]} 30. Ra4 {[%clk 0:00:14]} Qb7 {[%clk 0:00:57]} 31. Rxa7
{[%clk 0:00:15]} Qb8 {[%clk 0:00:41]} 32. Rac7 {[%clk 0:00:16]} Qd8 1-0

[Event "MPJBiS 2020"]
[Site "?"]
[Date "2020.08.30"]
[Round "4.9"]
[White "Micula, Jakub"]
[Black "Grzebieniowski, Michal"]
[Result "0-1"]
[BlackElo "1472"]
[WhiteElo "1268"]
[LiveChessVersion "1.4.8"]

1. b4 {[%clk 0:03:02]} d5 {[%clk 0:03:00]} 2. Bb2 {[%clk 0:03:03]} c6
{[%clk 0:03:00]} 3. e3 {[%clk 0:03:03]} e6 {[%clk 0:02:59]} 4. a3 Nf6 5. Nf3
{[%clk 0:03:02]} Nbd7 {[%clk 0:03:00]} 6. d4 {[%clk 0:03:02]} a5 {[%clk 0:03:01]}
7. Bd3 {[%clk 0:02:56]} axb4 {[%clk 0:02:57]} 8. axb4 {[%clk 0:02:56]} Rxa1
{[%clk 0:02:56]} 9. Bxa1 {[%clk 0:02:57]} Bxb4+ {[%clk 0:02:57]} 10. c3
{[%clk 0:02:56]} Bd6 {[%clk 0:02:56]} 11. O-O {[%clk 0:02:55]} O-O
{[%clk 0:02:56]} 12. Nbd2 {[%clk 0:02:49]} e5 {[%clk 0:02:56]} 13. dxe5
{[%clk 0:02:35]} Nxe5 {[%clk 0:02:57]} 14. Nxe5 {[%clk 0:02:34]} Bxe5
{[%clk 0:02:57]} 15. c4 {[%clk 0:02:30]} Bxa1 {[%clk 0:02:55]} 16. Qxa1
{[%clk 0:02:31]} Be6 {[%clk 0:02:54]} 17. cxd5 {[%clk 0:02:29]} Bxd5
{[%clk 0:02:54]} 18. Rd1 {[%clk 0:02:20]} Qe7 {[%clk 0:02:40]} 19. Nc4
{[%clk 0:02:05]} Rd8 {[%clk 0:02:28]} 20. Nb6 {[%clk 0:01:59]} Be6
{[%clk 0:02:23]} 21. h3 {[%clk 0:01:49]} Nd5 {[%clk 0:02:14]} 22. Nxd5
{[%clk 0:01:46]} Bxd5 {[%clk 0:02:13]} 23. Qa7 {[%clk 0:01:36]} Be4
{[%clk 0:01:33]} 24. Be2 {[%clk 0:01:36]} Rxd1+ {[%clk 0:01:30]} 25. Bxd1
{[%clk 0:01:37]} h6 {[%clk 0:01:29]} 26. Qb8+ {[%clk 0:01:24]} Kh7
{[%clk 0:01:28]} 27. Bb3 {[%clk 0:01:12]} Qg5 {[%clk 0:01:19]} 28. g4
{[%clk 0:00:38]} Qe7 {[%clk 0:01:02]} 29. Kh2 {[%clk 0:00:34]} Qf6
{[%clk 0:00:32]} 30. f4 {[%clk 0:00:34]} Qb2+ {[%clk 0:00:28]} 31. Kg3
{[%clk 0:00:34]} Qxb3 {[%clk 0:00:28]} 32. Qe5 {[%clk 0:00:29]} Qxe3+
{[%clk 0:00:23]} 33. Kh4 {[%clk 0:00:30]} Qf2+ {[%clk 0:00:24]} 34. Kh5
{[%clk 0:00:28]} Bg6# {[%clk 0:00:24]} 0-1

[Event "MPJBiS 2020"]
[Site "?"]
[Date "2020.08.30"]
[Round "4.10"]
[White "Suchocki, Jan"]
[Black "Zieba, Hubert"]
[Result "1/2-1/2"]
[BlackElo "1466"]
[WhiteElo "1084"]
[LiveChessVersion "1.4.8"]

1. e4 {[%clk 0:03:03]} c5 {[%clk 0:03:03]} 2. Nf3 {[%clk 0:03:05]} Nc6
{[%clk 0:03:05]} 3. d4 {[%clk 0:03:06]} cxd4 {[%clk 0:03:06]} 4. Nxd4
{[%clk 0:03:06]} g6 {[%clk 0:03:06]} 5. Nc3 {[%clk 0:03:07]} Bg7 {[%clk 0:03:07]}
6. Be3 {[%clk 0:03:08]} Nf6 {[%clk 0:03:08]} 7. Bc4 {[%clk 0:03:04]} O-O
{[%clk 0:03:09]} 8. O-O {[%clk 0:03:04]} d6 {[%clk 0:03:09]} 9. a3
{[%clk 0:03:02]} Ng4 {[%clk 0:03:08]} 10. Nxc6 {[%clk 0:02:56]} Nxe3
{[%clk 0:03:00]} 11. Nxd8 {[%clk 0:02:50]} Nxd1 {[%clk 0:03:01]} 12. Raxd1
{[%clk 0:02:51]} Rxd8 {[%clk 0:03:01]} 13. Rd3 {[%clk 0:02:48]} Bd7
{[%clk 0:02:58]} 14. Rfd1 {[%clk 0:02:35]} Rac8 {[%clk 0:02:58]} 15. Bb3
{[%clk 0:02:34]} Bc6 {[%clk 0:02:45]} 16. f3 {[%clk 0:02:17]} a6 {[%clk 0:02:41]}
17. R1d2 {[%clk 0:01:44]} b5 {[%clk 0:02:23]} 18. Bd5 {[%clk 0:01:42]} Bxc3
{[%clk 0:02:20]} 19. Rxc3 Bxd5 {[%clk 0:02:20]} 20. Rxc8 {[%clk 0:01:21]} Rxc8
{[%clk 0:02:19]} 21. exd5 {[%clk 0:01:22]} Kf8 {[%clk 0:02:13]} 22. c3
{[%clk 0:01:23]} Rc5 {[%clk 0:02:10]} 23. Rd3 {[%clk 0:01:24]} a5
{[%clk 0:02:05]} 24. Kf2 {[%clk 0:01:20]} Rc4 {[%clk 0:02:03]} 25. Ke3
{[%clk 0:01:15]} Ke8 {[%clk 0:02:03]} 26. Rd4 {[%clk 0:01:13]} Rc5
{[%clk 0:01:56]} 27. Kd3 {[%clk 0:01:12]} Kd7 {[%clk 0:01:56]} 28. b3
{[%clk 0:01:02]} Kc7 {[%clk 0:01:35]} 29. c4 {[%clk 0:01:02]} b4 {[%clk 0:01:23]}
30. a4 {[%clk 0:00:59]} Kd7 {[%clk 0:01:14]} 31. g4 {[%clk 0:00:52]} Rc8
{[%clk 0:01:09]} 32. h4 {[%clk 0:00:53]} f6 {[%clk 0:00:46]} 33. f4
{[%clk 0:00:47]} Rf8 {[%clk 0:00:47]} 34. Ke3 {[%clk 0:00:44]} Rg8
{[%clk 0:00:47]} 35. g5 {[%clk 0:00:44]} fxg5 {[%clk 0:00:46]} 36. fxg5
{[%clk 0:00:45]} Rg7 {[%clk 0:00:45]} 37. Rf4 {[%clk 0:00:46]} Ke8
{[%clk 0:00:46]} 38. Ke4 {[%clk 0:00:47]} Rf7 {[%clk 0:00:39]} 39. Rxf7
{[%clk 0:00:47]} Kxf7 {[%clk 0:00:40]} 40. Kf4 {[%clk 0:00:48]} Kg7
{[%clk 0:00:40]} 41. Kg4 {[%clk 0:00:47]} Kf7 {[%clk 0:00:40]} 42. Kf4
{[%clk 0:00:46]} Ke8 {[%clk 0:00:41]} 43. Ke4 {[%clk 0:00:47]} Kd7
{[%clk 0:00:43]} 44. Kd4 {[%clk 0:00:47]} Kc7 {[%clk 0:00:44]} 45. Ke4
{[%clk 0:00:48]} Kb6 {[%clk 0:00:45]} 46. Kd4 {[%clk 0:00:51]} 1/2-1/2

[Event "MPJBiS 2020"]
[Site "?"]
[Date "2020.08.30"]
[Round "4.11"]
[White "Bochniak, Franciszek"]
[Black "Stepien, Piotr"]
[Result "1-0"]
[BlackElo "1299"]
[WhiteElo "1485"]
[LiveChessVersion "1.4.8"]

1. d4 {[%clk 0:03:03]} d5 {[%clk 0:03:04]} 2. c4 {[%clk 0:03:04]} c6
{[%clk 0:03:05]} 3. Nc3 {[%clk 0:03:05]} Nf6 {[%clk 0:03:06]} 4. Nf3
{[%clk 0:03:04]} Bg4 {[%clk 0:03:06]} 5. Bf4 {[%clk 0:03:03]} e6 {[%clk 0:03:02]}
6. e3 {[%clk 0:02:57]} Bd6 {[%clk 0:03:02]} 7. Bg3 {[%clk 0:02:57]} Bb4
{[%clk 0:02:56]} 8. Be2 {[%clk 0:02:45]} Ne4 {[%clk 0:02:57]} 9. Qb3
{[%clk 0:02:43]} Qb6 {[%clk 0:02:34]} 10. Rc1 {[%clk 0:02:36]} Bxc3+
{[%clk 0:02:33]} 11. bxc3 {[%clk 0:02:37]} Qxb3 {[%clk 0:02:24]} 12. axb3
{[%clk 0:02:37]} Nd7 {[%clk 0:02:26]} 13. Bd3 {[%clk 0:02:35]} Nxg3
{[%clk 0:02:23]} 14. hxg3 {[%clk 0:02:35]} Rc8 {[%clk 0:02:14]} 15. Kd2
{[%clk 0:01:55]} h6 16. Rh4 Bxf3 {[%clk 0:02:11]} 17. gxf3 {[%clk 0:01:56]} Ke7
18. cxd5 {[%clk 0:01:48]} cxd5 {[%clk 0:02:13]} 19. c4 {[%clk 0:01:48]} Nb6
{[%clk 0:02:06]} 20. c5 {[%clk 0:01:43]} Nd7 {[%clk 0:02:07]} 21. Ra1
{[%clk 0:01:38]} a6 {[%clk 0:02:08]} 22. b4 {[%clk 0:01:39]} Ra8 {[%clk 0:02:05]}
23. Ra2 {[%clk 0:01:25]} Rhc8 {[%clk 0:02:04]} 24. Rh1 {[%clk 0:01:22]} b6
{[%clk 0:02:04]} 25. Rha1 {[%clk 0:01:11]} bxc5 26. bxc5 {[%clk 0:01:11]} e5
{[%clk 0:01:47]} 27. Rxa6 {[%clk 0:01:10]} exd4 {[%clk 0:01:46]} 28. exd4
{[%clk 0:01:11]} Rab8 {[%clk 0:01:44]} 29. Ra7 {[%clk 0:00:46]} Rb2+
{[%clk 0:01:35]} 30. Bc2 {[%clk 0:00:32]} Ke6 {[%clk 0:01:28]} 31. R1a6+
{[%clk 0:00:21]} Ke7 {[%clk 0:01:23]} 32. c6 {[%clk 0:00:17]} Kd8
{[%clk 0:01:08]} 33. Rxd7+ {[%clk 0:00:17]} Ke8 {[%clk 0:01:09]} 34. Kc3
{[%clk 0:00:13]} Rb5 {[%clk 0:01:07]} 35. Ba4 {[%clk 0:00:13]} Rb1
{[%clk 0:01:06]} 36. c7 {[%clk 0:00:12]} Rc1+ {[%clk 0:01:02]} 37. Kd2
{[%clk 0:00:13]} 1-0

[Event "MPJBiS 2020"]
[Site "?"]
[Date "2020.08.30"]
[Round "5.1"]
[White "Seemann, Jakub"]
[Black "Raczek, Krzysztof"]
[Result "0-1"]
[BlackElo "1720"]
[WhiteElo "1811"]
[LiveChessVersion "1.4.8"]

1. d4 Nf6 2. c4 g6 3. g3 Bg7 4. Bg2 O-O 5. Nf3 d6 6. O-O Nbd7 7. Nc3 e5 8. e4
exd4 9. Nxd4 Re8 10. h3 Nc5 11. Qc2 Nfxe4 12. Nxe4 Nxe4 13. Bxe4 Bxd4 14. Bg2 Bf5
15. Qd2 Bg7 16. Bxb7 Bxh3 17. Bg2 Bxg2 18. Kxg2 Qd7 19. Qd3 Qc6+ 20. Kg1 Rab8 21.
Rb1 Qe4 22. Qxe4 Rxe4 23. b3 Rxc4 24. Be3 Rc2 25. a4 c5 26. Rfd1 Bf8 27. b4 Rxb4
28. Rxb4 cxb4 29. Bxa7 Ra2 30. Bd4 Rxa4 31. Rc1 Ra8 32. Rb1 Rb8 33. Ba7 Rb7 34.
Bd4 Bg7 35. Be3 h5 36. Kf1 b3 37. Ke2 b2 38. Kd3 Rc7 39. Bd4 Bxd4 40. Kxd4 Rc2
41. f4 Rg2 42. Ke4 Rxg3 43. Rxb2 Rg4 44. Rd2 g5 45. Kf5 gxf4 46. Rxd6 Kg7 47. Rd1
f3 48. Rf1 Rg3 49. Kf4 h4 50. Ke3 Kg6 51. Kf2 Kf5 52. Ra1 Kg5 53. Ra5+ f5 54. Ra4
Rg4 55. Ra8 Rg3 56. Rg8+ Kf4 57. Rh8 Rg2+ 58. Kf1 Ra2 59. Rxh4+ Kg3 0-1